Chính sách phát triển nông nghiệp, nông thôn, nông dân của Hungary trong quá trình chuyển đổi kinh tế và vận dụng cho Việt Nam
Guardado en:
| Autor principal: | |
|---|---|
| Formato: | Libro |
| Lenguaje: | Undetermined |
| Publicado: |
Hà Nội
Chính trị Quốc gia
2009
|
| Materias: | |
| Etiquetas: |
Agregar Etiqueta
Sin Etiquetas, Sea el primero en etiquetar este registro!
|
| Thư viện lưu trữ: | Trung tâm Học liệu Trường Đại học Cần Thơ |
|---|
| LEADER | 00708nam a2200193Ia 4500 | ||
|---|---|---|---|
| 001 | CTU_148199 | ||
| 008 | 210402s9999 xx 000 0 und d | ||
| 020 | |c 23000 | ||
| 082 | |a 354.2 | ||
| 082 | |b Ph431 | ||
| 100 | |a Lê, Du Phong | ||
| 245 | 0 | |a Chính sách phát triển nông nghiệp, nông thôn, nông dân của Hungary trong quá trình chuyển đổi kinh tế và vận dụng cho Việt Nam | |
| 245 | 0 | |c Lê Du phong (chủ biên) | |
| 260 | |a Hà Nội | ||
| 260 | |b Chính trị Quốc gia | ||
| 260 | |c 2009 | ||
| 650 | |a Rural development,Phát triển nông thôn | ||
| 904 | |i Nguyên | ||
| 980 | |a Trung tâm Học liệu Trường Đại học Cần Thơ | ||